Gestin̤ y gerencia empresariales

Bibliographic Details
Main Author: van den Berghe Romero, Edgar
Format: eBook
Language:Spanish
Published: Bogot:̀ ECOE, 2010
Subjects:
Online Access:Acceso restringido

MARC

LEADER 00000nam a22000007a 4500
005 20131010171418.0
007 cr|||| ||||
008 131010s2010 co |||||s|||| 00||0 spa d
020 |a 978-958-648-652-1 
035 |a 11567 
040 |a vLex 
090 |c 4545  |d 4545 
100 1 |a van den Berghe Romero, Edgar  
245 1 0 |a Gestin̤ y gerencia empresariales  |h [Recurso electrn̤ico] /  |c Edgar van den Berghe Romero  
256 |a Servicio en ln̕ea 
260 |a Bogot:̀  |b ECOE,  |c 2010 
300 |a 1 recurso electrn̤ico 
506 1 |a Contenido solo disponible en los productos indicados  |d vLex Global  |d vLex Global (Academic Edition, excluding Law Schools)  |d vLex Global (U.S. Academic Edition, Law Schools)  |d vLex Global (U.S. Academic Edition, excluding Law Schools)  |d vLex Global (Academic Edition, Law Schools) 
650 0 4 |a Administracin̤  |z Colombia 
650 0 4 |a empresas  |x Direccin̤ y administracin̤  |z Colombia 
740 0 |a vLex Libros (Servicio en ln̕ea) 
856 4 0 |u http://vlex.com/source/gestion-y-gerencia-empresariales-11567  |z Acceso restringido 
942 |c BOOK 
999 0 |a Management